Все обладатели девяти титанов из "Атаки титанов" - Statistics

General Stats
  • This quiz has been taken 35 times
  • The average score is 15 of 22
Answer Stats
Титан Период Обладатель % Correct
Колоссальный титан 850 - 854 Армин Арлерт
100%
Атакующий титан 819 - 832 Эрен Крюгер
100%
Атакующий титан 845 - 854 Эрен Йегер
100%
Титан-прародитель 845 - 854 Эрен Йегер
100%
Титан-молотобоец 854 Эрен Йегер
100%
Колоссальный титан 843 - 850 Бертольд Гувер
81%
Бронированный титан 843 - 854 Райнер Браун
81%
Атакующий титан 832 - 845 Гриша Йегер
81%
Зубастый титан 845 - ? Имир
81%
Титан-прародитель 1003 - 900 до н.э. Имир Фриц
81%
Титан-прародитель 845 Гриша Йегер
81%
Титан - женская особь 843 - 854 Энни Леонхарт
75%
Звероподобный титан 842 - 854 Зик Йегер
75%
Титан-перевозчик 843 - 854 Пик Фингер
75%
Зубастый титан 854 Фалько Грайс
63%
Зубастый титан ? - 854 Порко Галлиард
50%
Титан-прародитель 842 - 845 Фрида Рейсс
50%
Титан-прародитель ? Карл Фриц
38%
Звероподобный титан 829 - 842 Том Ксавьер
31%
Зубастый титан 843 - 845 Марсель Галлиард
31%
Титан-прародитель 829 - 842 Ури Рейсс
31%
Титан-молотобоец ? - 854 Лара Тайбер
31%
No matching quizzes found
Score Distribution
Percent of People with Each Score
Percentile by Number Answered
Your Score History
You have not taken this quiz